000 00371nam a2200121Ia 4500
008 191206s9999 xx 000 0 und d
090 _aQ127A4
245 0 _aScience in Africa: Interviews with African Scientists
260 _aAAAS Sub-Saharan Africa Program
260 _ccc1994
300 _a"vii, 176 p. : ill. ; 23 cm."
999 _c16863
_d16863